Stray Kids Mitglieder - Statistiken

Allgemein
  • Dieses Quiz wurde 251 mal gespielt
  • Das Durchschnittsergebnis liegt bei 8 aus 8
Antwortstatistiken
Mitglieder % Korrekt
Felix
99%
Bang Chan
98%
I.N
97%
Lee Know
96%
Han
95%
Changbin
94%
Hyunjin
94%
Seungmin
94%
Keine übereinstimmenden Quizze gefunden
Verteilung der Resultate
Anzahl Personen mit jedem Resultat
Perzentil nach korrekt beantworteten Fragen
Ihre Resultats-Entwicklung
Sie haben dieses Quiz noch nicht gespielt